| 000 | 01215nas a2200349 4500 | ||
|---|---|---|---|
| 001 | BR2012004895 | ||
| 003 | BR-BrBNA | ||
| 005 | 20231205120814.0 | ||
| 007 | ta | ||
| 008 | 230509b bl.|||p| |||| 00| 00por d | ||
| 040 |
_aBR-BrBNA _bpor _cBiblioteca Nacional de Agricultura |
||
| 041 | _a(En) | ||
| 072 | _aH10; F01 | ||
| 100 | 1 | _aCruz, I. | |
| 100 | 1 | _aSilva, I.F. da | |
| 100 | 1 | _aPaula, C.S. | |
| 100 | 1 | _aFigueiredo, M. de L.C. | |
| 100 | 1 | _aGontijo Neto, M.M. | |
| 100 | 1 | _aSilva, R.B. da | |
| 245 | 1 | _aDamage of the spittlebug Deois flavopicta (Stal)(Hemiptera: cercopidae)to maize in intercropping system with brachiaria grass | |
| 246 | 1 | _aDamage of the spittlebug Deois flavopicta (Stal)(Hemiptera: cercopidae)to maize in intercropping system with brachiaria grass | |
| 650 | _aMILHO | ||
| 650 | _aZEA MAYS | ||
| 650 | _aCIGARRINHA DAS PASTAGENS | ||
| 650 | _aDEOIS FLAVOPICTA | ||
| 650 | _aPRAGA DE PLANTA | ||
| 650 | _aCONSORCIAÇÃO DE CULTURA | ||
| 650 | _aCAPIM BRACHIARIA | ||
| 773 | 0 |
_tRevista Brasileira de Milho e Sorgo (Brazil) _xISSN 1676-689X _g(May-Aug 2009), v. 8(2) p. 117-130 _wBR2012004895 |
|
| 909 |
_a202311 _bLúcia _c55 _dLúcia Elande |
||
| 942 |
_2AGRIS _n0 _cANA |
||
| 999 |
_c220399 _d220399 |
||